Países del mundo con 1 y 2 sílabas. - Estadísticas

Estadísticas generales
  • Esta prueba ha sido intentada 185 veces
  • La puntuación promedio es 32 de 47
Estadísticas de respuestas
Hint Respuesta % Correcto
China
84%
1 África Chad
82%
Omán
81%
Iran
80%
Japón
80%
Perú
80%
Chile
78%
Irak
78%
Rusia
78%
Suiza
78%
Ámerica Cuba
76%
Grecia
76%
Laos
76%
Oceanía Fiyi
73%
India
73%
Bután
72%
Chipre
71%
Malí
71%
Malta
71%
Togo
71%
Yemen
71%
Francia
70%
Suecia
70%
Catar
68%
Níger
67%
Nepal
65%
Siria
65%
Ghana
64%
Haití
64%
Túnez
64%
2 Europa Austria
63%
Libia
63%
Brunéi
62%
Serbia
62%
Tonga
61%
Sudán
60%
Zambia
60%
Brasil
59%
Kenia
59%
Kuwait
59%
Gambia
58%
Nauru
58%
África Benín
56%
Asia Baréin
52%
Taiwán
51%
Gabón
49%
Vietnam
44%
No se encontraron pruebas coincidentes
Distribución de puntuación
Porcentaje de gente con cada puntuación
Porcentaje por número respondido
Historial de tus puntuaciones
No has intentado esta prueba.